Adam Mickiewicz und die Deutschen. - Wiesbaden : Harrassowitz. - 2000 [Rezension]

Titel: Adam Mickiewicz und die Deutschen. - Wiesbaden : Harrassowitz. - 2000 [Rezension]
Verfasser:
In: Slavia, Band 71 (2002), Seite 102-105
alle Artikel anzeigen
Veröffentlicht: 2002
Format: Aufsatz
Sprache: Polnisch
Kein Bild verfügbar
X
alg: 39474518
001A    $01999:12-11-16 
001B    $01999:03-08-21 $t21:01:06.000 
001D    $01999:12-11-16 
001U    $0utf8 
001X    $00 
002@    $0Aox 
003@    $0394745183 
007A    $0394745183 $aHEB 
007T    $0Herd64849 
010@    $apol 
011@    $a2002 
021A    $aAdam Mickiewicz und die Deutschen. - Wiesbaden : Harrassowitz. -  2000 [Rezension] 
028A    $aRzońca $dWiesław 
031A    $d71 $h102-105 $j2002 
039B    $aIn $8--Abvc--. Slavia. - Praha : Euroslavica, 1922-. - ISSN 0037-6736 $x200200000710000898 $9047278633 
039T    $8--Aau--. Adam Mickiewicz und die Deutschen. - Wiesbaden : Harrassowitz, 2000. - 226 S.. - ISBN 3-447-04305-9 $9093059000 
045F    $a900.9438 $eDDC23BSB 
045F/01 $a900 
045F/03 $g438 
045T    $a7,39 
045T    $aAVL $qDE-30 $2FID 

lok: 39474518 78

exp: 39474518 78 1 #EPN
201B/01 $018-11-16 $t12:35:44.000 
201U/01 $0utf8 
203@/01 $0791043797 
208@/01 $a12-11-16 $be 
209A/01 $a/ $f000 $x00 
220C/01 $aTitelaufnehmer: cs 
244Z/01 $2Trx $#Poola $#Lenkija $#Polija $#Polen Land $#Poland $#Lengyelország $#Poľsko $#Polsko $8--Trx--Polska$gkraj $x01 $9391345966 
244Z/01 $2Trx $#arvustused $#recenzijos $#Reviews $#recenziók $#recenzje $#recenzie $#recenze $8--Trx--Rezensionen $x02 $9391357441 
247C/01 $82080>Marburg/Lahn, Herder-Institut, Forschungsbibliothek, Bibliographieportal $9336309341
LEADER 00000caa a22000002c 4500
001 394745183
003 DE-603
005 20210803210106.0
007 tu
008 161112s2002 xx |||| | u00||u|pol c
035 |a (DE-599)HEB394745183 
040 |a DE-603  |b ger  |c DE-603  |d DE-603 
041 |a pol 
082 0 4 |8 1\u  |a 900.9438  |q DE-101  |2 23/BSB 
084 |a 7,39  |2 ssgn 
084 |a AVL  |q DE-30  |2 fid 
085 |8 1\u  |b 900 
085 |8 1\u  |z 2  |s 438 
100 1 |a Rzońca, Wiesław 
245 0 0 |a Adam Mickiewicz und die Deutschen. - Wiesbaden : Harrassowitz. - 2000 [Rezension] 
264 0 |c 2002 
773 0 8 |i In  |t Slavia  |d Praha : Euroslavica, 1922-  |h 24 cm  |x 0037-6736  |g Band 71 (2002), Seite 102-105  |w (DE-603)047278633  |w (DE-600)204528-X 
787 0 8 |i Rezension von  |t Adam Mickiewicz und die Deutschen  |d Wiesbaden : Harrassowitz, 2000  |h 226 S., 24 cm  |z 3447043059  |w (DE-603)093059000 
924 0 |9 2080  |a (DE-603)791043797  |b DE-2080  |c HES  |d d  |g /